[Event "Gibtelecom ChallWk2 6th"]
[Site "Gibraltar"]
[Date "2008.01.31"]
[Round "5.22"]
[White "Bates, Caspar J"]
[Black "Edvardsen, Ingar"]
[Result "1-0"]
[WhiteElo "2190"]
[BlackElo "1972"]
[PlyCount "55"]
[EventDate "2008.01.27"]
[EventType "swiss"]
[EventRounds "5"]
[EventCountry "GGB"]
[SourceTitle "BritBase"]
[Source "www.saund.co.uk"]
[SourceDate "2018.02.10"]
[SourceVersion "1"]
[SourceVersionDate "2018.02.10"]
[SourceQuality "1"]

1. e4 c5 2. Nc3 a6 3. Nf3 Nc6 4. d4 cxd4 5. Nxd4 Nf6 6. Bg5 e5 7. Nf5 d6 8. Qf3
Bxf5 9. exf5 Be7 10. O-O-O O-O 11. Bxf6 Bxf6 12. Nd5 Bg5+ 13. Kb1 Nd4 14. Qe4
g6 15. f4 gxf5 16. Qd3 Bf6 17. c3 Nc6 18. Qxf5 Bg7 19. Bd3 Qh4 20. Rhf1 Qh6 21.
Rf3 Qg6 22. Nf6+ Kh8 23. Qh3 Qh6 24. Qxh6 Bxh6 25. Rh3 Kg7 26. Ng4 e4 27. Nxh6
exd3 28. Nf5+ 1-0

[Event "Gibtelecom ChallWk2 6th"]
[Site "Gibraltar"]
[Date "2008.01.31"]
[Round "5.23"]
[White "Tofte, Sondre Waage"]
[Black "Hamer, Martyn"]
[Result "0-1"]
[WhiteElo "2108"]
[BlackElo "1962"]
[PlyCount "38"]
[EventDate "2008.01.27"]
[EventType "swiss"]
[EventRounds "5"]
[EventCountry "GGB"]
[SourceTitle "BritBase"]
[Source "www.saund.co.uk"]
[SourceDate "2018.02.10"]
[SourceVersion "1"]
[SourceVersionDate "2018.02.10"]
[SourceQuality "1"]

1. e4 e5 2. Nf3 f5 3. d4 fxe4 4. Nxe5 Nf6 5. Bc4 d5 6. Bb3 Be6 7. Bg5 Be7 8.
Nc3 Nbd7 9. O-O c6 10. Qe2 O-O 11. f3 Nxe5 12. dxe5 exf3 13. Rxf3 Nd7 14. Bxe7
Qxe7 15. Kh1 Rxf3 16. gxf3 Rf8 17. Rg1 Rf5 18. Qe3 Qc5 19. Qh6 Qxg1+ 0-1

[Event "Gibtelecom ChallWk2 6th"]
[Site "Gibraltar"]
[Date "2008.01.31"]
[Round "5.24"]
[White "Sellak, Haddou"]
[Black "Dasaolu, Adeoye"]
[Result "0-1"]
[WhiteElo "1900"]
[BlackElo "2064"]
[PlyCount "81"]
[EventDate "2008.01.27"]
[EventType "swiss"]
[EventRounds "5"]
[EventCountry "GGB"]
[SourceTitle "BritBase"]
[Source "www.saund.co.uk"]
[SourceDate "2018.02.10"]
[SourceVersion "1"]
[SourceVersionDate "2018.02.10"]
[SourceQuality "1"]

1. e4 c5 2. Nf3 e6 3. d4 cxd4 4. Nxd4 a6 5. Bd3 Qc7 6. Nc3 Nf6 7. Qe2 d6 8. a4
Be7 9. Be3 b6 10. O-O Bb7 11. Kh1 Nbd7 12. Nb3 Nc5 13. Nxc5 bxc5 14. Bf4 Nd7
15. a5 O-O 16. Rfd1 Ne5 17. Qh5 g6 18. Qh3 Bf6 19. Be2 Rfd8 20. Qg3 Bg7 21. h4
h5 22. Bg5 Re8 23. Be3 Kh7 24. f4 Nc6 25. f5 Ne5 26. Bg5 Rab8 27. f6 Bf8 28.
Bf4 Bc6 29. b3 Rb4 30. Bf3 Rd4 31. Rxd4 cxd4 32. Ne2 Nxf3 33. Qxf3 e5 34. Bd2
Bd7 35. c4 Rb8 36. Qd3 Bh6 37. Bxh6 Kxh6 38. Ng3 Kh7 39. Nf1 Qd8 40. Nd2 Bg4
41. Qf1 0-1

[Event "Gibtelecom ChallWk2 6th"]
[Site "Gibraltar"]
[Date "2008.01.31"]
[Round "5.26"]
[White "Getz, Nicolai"]
[Black "Jorgensen, Line Jin"]
[Result "1/2-1/2"]
[WhiteElo "2019"]
[BlackElo "1867"]
[PlyCount "60"]
[EventDate "2008.01.27"]
[EventType "swiss"]
[EventRounds "5"]
[EventCountry "GGB"]
[SourceTitle "BritBase"]
[Source "www.saund.co.uk"]
[SourceDate "2018.02.10"]
[SourceVersion "1"]
[SourceVersionDate "2018.02.10"]
[SourceQuality "1"]

1. e4 c5 2. Nf3 d6 3. d4 cxd4 4. Nxd4 Nf6 5. Nc3 a6 6. g3 Nc6 7. Bg2 g6 8. O-O
Bg7 9. Nxc6 bxc6 10. e5 Nd5 11. Nxd5 cxd5 12. Bxd5 Rb8 13. exd6 O-O 14. dxe7
Qxe7 15. c3 Rd8 16. Qf3 Bh3 17. Rd1 Re8 18. Bf4 Rxb2 19. Bd6 Qf6 20. Bb4 Qxf3
21. Bxf3 Be6 22. a3 h5 23. h4 Bc4 24. Re1 Rd8 25. Rad1 Rc8 26. Bd5 Bxd5 27.
Rxd5 Rc2 28. Re7 Bxc3 29. Rdd7 Rf8 30. Rc7 Bxb4 1/2-1/2

[Event "Gibtelecom ChallWk2 6th"]
[Site "Gibraltar"]
[Date "2008.01.31"]
[Round "5.27"]
[White "Bryn, Askild"]
[Black "Kandic, Milan"]
[Result "1-0"]
[WhiteElo "1997"]
[BlackElo "2238"]
[PlyCount "61"]
[EventDate "2008.01.27"]
[EventType "swiss"]
[EventRounds "5"]
[EventCountry "GGB"]
[SourceTitle "BritBase"]
[Source "www.saund.co.uk"]
[SourceDate "2018.02.10"]
[SourceVersion "1"]
[SourceVersionDate "2018.02.10"]
[SourceQuality "1"]

1. e4 d6 2. Nc3 e5 3. g3 Nf6 4. Bg2 Be7 5. Nge2 O-O 6. O-O Nc6 7. d3 Ng4 8. h3
Nh6 9. Bxh6 gxh6 10. Qd2 Bg5 11. f4 exf4 12. gxf4 Bh4 13. f5 Bg5 14. Nf4 Ne7
15. Qf2 Kh8 16. h4 Bf6 17. Nh5 Nc6 18. Nxf6 Qxf6 19. Nd5 Qd4 20. Nxc7 Rb8 21.
Qxd4+ Nxd4 22. c3 Nc2 23. Rac1 Ne3 24. Rf3 Nxg2 25. Kxg2 b5 26. Nd5 Bb7 27. Nf6
Bc6 28. Rg3 Rfd8 29. Kf2 d5 30. Rcg1 dxe4 31. Rg7 1-0

[Event "Gibtelecom ChallWk2 6th"]
[Site "Gibraltar"]
[Date "2008.01.31"]
[Round "5.28"]
[White "Gravett, Alan D"]
[Black "Suez-Panama, Gilles"]
[Result "1/2-1/2"]
[WhiteElo "1869"]
[BlackElo "2099"]
[PlyCount "37"]
[EventDate "2008.01.27"]
[EventType "swiss"]
[EventRounds "5"]
[EventCountry "GGB"]
[SourceTitle "BritBase"]
[Source "www.saund.co.uk"]
[SourceDate "2018.02.10"]
[SourceVersion "1"]
[SourceVersionDate "2018.02.10"]
[SourceQuality "1"]

1. g3 e5 2. Bg2 d5 3. Nf3 Bd6 4. d3 Ne7 5. O-O O-O 6. c4 d4 7. b4 c6 8. a3 a5
9. Bb2 axb4 10. axb4 Rxa1 11. Bxa1 Ng6 12. c5 Bc7 13. Nbd2 Be6 14. Qc2 Qe7 15.
h4 h6 16. Nc4 Bd5 17. e4 Bxc4 18. Qxc4 Rd8 19. Bb2 1/2-1/2

[Event "Gibtelecom ChallWk2 6th"]
[Site "Gibraltar"]
[Date "2008.01.31"]
[Round "5.29"]
[White "Gasik, Jadwiga"]
[Black "Pettersson, Anders"]
[Result "1/2-1/2"]
[WhiteElo "2032"]
[BlackElo "1984"]
[PlyCount "49"]
[EventDate "2008.01.27"]
[EventType "swiss"]
[EventRounds "5"]
[EventCountry "GGB"]
[SourceTitle "BritBase"]
[Source "www.saund.co.uk"]
[SourceDate "2018.02.10"]
[SourceVersion "1"]
[SourceVersionDate "2018.02.10"]
[SourceQuality "1"]

1. e4 c5 2. c3 d5 3. exd5 Qxd5 4. d4 Nc6 5. Nf3 Bg4 6. Be2 e6 7. O-O Nf6 8. Na3
cxd4 9. Nb5 Qd8 10. Bf4 Rc8 11. Nfxd4 Bxe2 12. Qxe2 Nxd4 13. Nxd4 Be7 14. Rad1
Qb6 15. Be3 Qa5 16. Nb3 Qc7 17. Qb5+ Qc6 18. Qxc6+ Rxc6 19. Na5 Ra6 20. Nxb7
Rxa2 21. Ra1 Rxb2 22. Rxa7 O-O 23. Na5 Nd5 24. Bd4 Bf6 25. Bxf6 1/2-1/2

[Event "Gibtelecom ChallWk2 6th"]
[Site "Gibraltar"]
[Date "2008.01.31"]
[Round "5.30"]
[White "Helin, Mikael"]
[Black "Pettersen, Joar Gullestad"]
[Result "0-1"]
[WhiteElo "1935"]
[BlackElo "2026"]
[PlyCount "108"]
[EventDate "2008.01.27"]
[EventType "swiss"]
[EventRounds "5"]
[EventCountry "GGB"]
[SourceTitle "BritBase"]
[Source "www.saund.co.uk"]
[SourceDate "2018.02.10"]
[SourceVersion "1"]
[SourceVersionDate "2018.02.10"]
[SourceQuality "1"]

1. e4 e5 2. Nc3 Nf6 3. Bc4 Nxe4 4. Qh5 Nd6 5. Bb3 Be7 6. Nf3 O-O 7. h4 Nc6 8.
Ng5 h6 9. Qg6 Bxg5 10. hxg5 Qxg5 11. Qxg5 hxg5 12. Nd5 Ne8 13. d3 d6 14. Bxg5
Be6 15. O-O-O Bxd5 16. Bxd5 Nf6 17. Bxf6 gxf6 18. Rh3 Rfe8 19. Rdh1 Kf8 20. Rh7
Nd8 21. Rh8+ Ke7 22. Rxe8+ Kxe8 23. Bxb7 Rb8 24. Be4 Ke7 25. f4 exf4 26. Rh5 c6
27. Ra5 Rb7 28. c4 Kd7 29. a3 Ne6 30. b4 Nd4 31. Kb2 Rc7 32. Rh5 Ke6 33. Rh4
Ke5 34. Bf3 f5 35. Rh8 Nxf3 36. gxf3 Kd4 37. Rd8 Kxd3 38. Rxd6+ Ke3 39. Rf6
Kxf3 40. Rxf5 Ke3 41. Re5+ Kd4 42. Rf5 Ke4 43. Rc5 f3 44. b5 f2 45. Kb3 f1=Q
46. Ka4 cxb5+ 47. Rxb5 Rxc4+ 48. Ka5 Qd3 49. a4 Qd8+ 50. Ka6 Rxa4+ 51. Kb7 Qd7+
52. Ka8 Qc8+ 53. Rb8 Qc6+ 54. Rb7 Rb4 0-1

[Event "Gibtelecom ChallWk2 6th"]
[Site "Gibraltar"]
[Date "2008.01.31"]
[Round "5.31"]
[White "Larsson, Daniel"]
[Black "Campeanu, Alin-Vivian"]
[Result "1-0"]
[WhiteElo "2003"]
[BlackElo "1912"]
[PlyCount "110"]
[EventDate "2008.01.27"]
[EventType "swiss"]
[EventRounds "5"]
[EventCountry "GGB"]
[SourceTitle "BritBase"]
[Source "www.saund.co.uk"]
[SourceDate "2018.02.10"]
[SourceVersion "1"]
[SourceVersionDate "2018.02.10"]
[SourceQuality "1"]

1. e4 d5 2. exd5 Qxd5 3. Nc3 Qa5 4. d4 Nf6 5. Be2 c6 6. Bd2 Bf5 7. Nf3 e6 8.
O-O Nbd7 9. a3 Be7 10. Ne4 Qc7 11. Ng3 Bg6 12. Rc1 c5 13. dxc5 Bxc5 14. b4 Be7
15. c4 O-O 16. Qb3 Rfd8 17. Rfd1 Ne4 18. Nxe4 Bxe4 19. Be3 b6 20. Nd4 Rac8 21.
Nb5 Qb8 22. Qa4 a5 23. bxa5 Qa8 24. f3 Bc6 25. Qb3 Qxa5 26. Bd2 Nc5 27. Qb2 Qa6
28. Bb4 Qb7 29. Qe5 f6 30. Qe3 Kf7 31. Kh1 e5 32. Rb1 Bf8 33. h3 Qb8 34. Bd3 g6
35. Be4 Nxe4 36. fxe4 Bxb5 37. cxb5 Rxd1+ 38. Rxd1 Bxb4 39. Qb3+ Ke8 40. Qe6+
Be7 41. Rd7 Rc1+ 42. Kh2 Qd8 43. Rxd8+ Kxd8 44. Qxb6+ Kc8 45. Qe6+ Kd8 46. b6
Bxa3 47. b7 Rb1 48. Qc8+ Ke7 49. b8=Q Rxb8 50. Qxb8 Bd6 51. Qg8 f5 52. Qxh7+
Kf6 53. Qh8+ Kf7 54. Qd8 Be7 55. Qd5+ Kf6 1-0

[Event "Gibtelecom ChallWk2 6th"]
[Site "Gibraltar"]
[Date "2008.01.31"]
[Round "5.32"]
[White "Blom, Martijn"]
[Black "Reppen, Ellisiv"]
[Result "1/2-1/2"]
[WhiteElo "2190"]
[BlackElo "1918"]
[PlyCount "45"]
[EventDate "2008.01.27"]
[EventType "swiss"]
[EventRounds "5"]
[EventCountry "GGB"]
[SourceTitle "BritBase"]
[Source "www.saund.co.uk"]
[SourceDate "2018.02.10"]
[SourceVersion "1"]
[SourceVersionDate "2018.02.10"]
[SourceQuality "1"]

1. e4 e5 2. f4 exf4 3. Nf3 Nf6 4. Nc3 d5 5. exd5 Nxd5 6. Bc4 Nxc3 7. bxc3 Bd6
8. O-O O-O 9. d4 Nd7 10. Ne1 Nb6 11. Be2 Nd5 12. Bc4 Be6 13. Bxd5 Bxd5 14. Bxf4
Bxf4 15. Rxf4 Qg5 16. Rf2 Rae8 17. Nd3 Re7 18. Qd2 Qxd2 19. Rxd2 Rfe8 20. a3 b6
21. Kf2 h6 22. Rad1 g5 23. Rb1 1/2-1/2

[Event "Gibtelecom ChallWk2 6th"]
[Site "Gibraltar"]
[Date "2008.01.31"]
[Round "5.33"]
[White "Gandrud, Vegar Koi"]
[Black "Hagen, Anders Gjerdrum"]
[Result "1/2-1/2"]
[WhiteElo "1819"]
[BlackElo "2049"]
[PlyCount "34"]
[EventDate "2008.01.27"]
[EventType "swiss"]
[EventRounds "5"]
[EventCountry "GGB"]
[SourceTitle "BritBase"]
[Source "www.saund.co.uk"]
[SourceDate "2018.02.10"]
[SourceVersion "1"]
[SourceVersionDate "2018.02.10"]
[SourceQuality "1"]

1. d4 Nf6 2. c4 e6 3. Nf3 d5 4. Nc3 Be7 5. Bg5 Nbd7 6. e3 O-O 7. Be2 b6 8. O-O
Bb7 9. Qc2 c5 10. Rad1 cxd4 11. Nxd4 Rc8 12. cxd5 Nxd5 13. Bxe7 Qxe7 14. Bf3
Ba6 15. Be2 Bb7 16. Bf3 Ba6 17. Be2 Bb7 1/2-1/2

[Event "Gibtelecom ChallWk2 6th"]
[Site "Gibraltar"]
[Date "2008.01.31"]
[Round "5.34"]
[White "Wynarczyk, Raymond"]
[Black "Munz, Jostein"]
[Result "0-1"]
[WhiteElo "2039"]
[BlackElo "1861"]
[PlyCount "104"]
[EventDate "2008.01.27"]
[EventType "swiss"]
[EventRounds "5"]
[EventCountry "GGB"]
[SourceTitle "BritBase"]
[Source "www.saund.co.uk"]
[SourceDate "2018.02.10"]
[SourceVersion "1"]
[SourceVersionDate "2018.02.10"]
[SourceQuality "1"]

1. e4 Nf6 2. Nc3 d5 3. e5 Ne4 4. d4 Bf5 5. Bd3 e6 6. Nxe4 dxe4 7. Bb5+ c6 8.
Ba4 b5 9. Bb3 c5 10. c3 cxd4 11. cxd4 Bb4+ 12. Kf1 Nc6 13. g4 Bg6 14. Ne2 Qh4
15. Nf4 Rd8 16. Be3 O-O 17. Qe2 Nxd4 18. Bxd4 Rxd4 19. a3 e3 20. Qxe3 Bc5 21.
Qg3 Qxg3 22. hxg3 Be4 23. Rh2 Rd2 24. Rc1 Bd4 25. Re1 Bf3 26. Nxe6 fxe6 27.
Bxe6+ Kh8 28. Bf5 Bxg4 29. Bxg4 Rdxf2+ 30. Rxf2 Rxf2+ 31. Kg1 Re2+ 32. Kf1
Rxe1+ 33. Kxe1 Bxe5 34. Kf2 Bxb2 35. Be2 a6 36. a4 bxa4 37. Bxa6 a3 38. Bc4 g6
39. g4 Kg7 40. Kf3 Kf6 41. Ke4 Kg5 42. Kf3 h5 43. gxh5 Kxh5 44. Kf4 Kh4 45. Kf3
g5 46. Be6 g4+ 47. Kg2 g3 48. Kf3 Be5 49. Kg2 Kg5 50. Kf3 Kf6 51. Bd5 Ke7 52.
Ke2 Kd6 0-1

[Event "Gibtelecom ChallWk2 6th"]
[Site "Gibraltar"]
[Date "2008.01.31"]
[Round "5.35"]
[White "Skage, Oystein Aagedal"]
[Black "Husin, Axel"]
[Result "1/2-1/2"]
[WhiteElo "1919"]
[BlackElo "2012"]
[PlyCount "26"]
[EventDate "2008.01.27"]
[EventType "swiss"]
[EventRounds "5"]
[EventCountry "GGB"]
[SourceTitle "BritBase"]
[Source "www.saund.co.uk"]
[SourceDate "2018.02.10"]
[SourceVersion "1"]
[SourceVersionDate "2018.02.10"]
[SourceQuality "1"]

1. e4 e5 2. Nf3 Nc6 3. Bb5 a6 4. Ba4 b5 5. Bb3 Nf6 6. O-O Be7 7. Re1 d6 8. c3
O-O 9. h3 Re8 10. Ng5 Rf8 11. Nf3 Re8 12. Ng5 Rf8 13. Nf3 Re8 1/2-1/2

[Event "Gibtelecom ChallWk2 6th"]
[Site "Gibraltar"]
[Date "2008.01.31"]
[Round "5.36"]
[White "Dennis, Nigel W"]
[Black "Manetto, Luis"]
[Result "1-0"]
[WhiteElo "1957"]
[BlackElo "1592"]
[PlyCount "65"]
[EventDate "2008.01.27"]
[EventType "swiss"]
[EventRounds "5"]
[EventCountry "GGB"]
[SourceTitle "BritBase"]
[Source "www.saund.co.uk"]
[SourceDate "2018.02.10"]
[SourceVersion "1"]
[SourceVersionDate "2018.02.10"]
[SourceQuality "1"]

1. e4 c5 2. Nf3 d6 3. d4 cxd4 4. Nxd4 Nf6 5. Nc3 a6 6. Be2 e6 7. O-O Be7 8. a4
O-O 9. f4 Qc7 10. Be3 Nc6 11. Nb3 Bd7 12. g4 Bc8 13. g5 Nd7 14. Bf3 Re8 15. Qe2
Nc5 16. Nxc5 dxc5 17. Qg2 Nd4 18. Bg4 Bd7 19. f5 exf5 20. Nd5 Qd8 21. Bxf5 Nxf5
22. exf5 Bf8 23. c4 Bc6 24. Rad1 Qa5 25. Qh3 Rad8 26. f6 g6 27. Bd2 Qxa4 28.
Ne7+ Kh8 29. Nxg6+ fxg6 30. f7 Rxd2 31. fxe8=Q Bxe8 32. Rxf8+ Kg7 33. Qh6# 1-0

[Event "Gibtelecom ChallWk2 6th"]
[Site "Gibraltar"]
[Date "2008.01.31"]
[Round "5.37"]
[White "Mundaca Alvarez, Juan Carlos"]
[Black "Petrovic, Marko"]
[Result "1-0"]
[WhiteElo "2162"]
[BlackElo "1983"]
[PlyCount "58"]
[EventDate "2008.01.27"]
[EventType "swiss"]
[EventRounds "5"]
[EventCountry "GGB"]
[SourceTitle "BritBase"]
[Source "www.saund.co.uk"]
[SourceDate "2018.02.10"]
[SourceVersion "1"]
[SourceVersionDate "2018.02.10"]
[SourceQuality "1"]

1. d4 d5 2. Nf3 Nf6 3. c4 c6 4. e3 e6 5. Nc3 Bb4 6. Qc2 O-O 7. Be2 Ne4 8. O-O
Nxc3 9. bxc3 Bd6 10. e4 dxe4 11. Qxe4 Qf6 12. Bg5 Qg6 13. Qe3 f6 14. Bd3 Qh5
15. Bf4 e5 16. Bg3 Bg4 17. c5 exd4 18. cxd4 Bxg3 19. fxg3 Re8 20. Bc4+ Kh8 21.
Qb3 Re7 22. Rae1 Rxe1 23. Rxe1 Nd7 24. Bf7 Qh6 25. Be6 Bxe6 26. Qxe6 Nf8 27.
Qe7 b6 28. Qb7 Rd8 29. Qc7 Ra8 1-0

[Event "Gibtelecom ChallWk2 6th"]
[Site "Gibraltar"]
[Date "2008.01.31"]
[Round "5.38"]
[White "Hassall, Mark Ian"]
[Black "Yarur Elsaca, Daniel"]
[Result "1-0"]
[WhiteElo "1896"]
[BlackElo "1846"]
[PlyCount "109"]
[EventDate "2008.01.27"]
[EventType "swiss"]
[EventRounds "5"]
[EventCountry "GGB"]
[SourceTitle "BritBase"]
[Source "www.saund.co.uk"]
[SourceDate "2018.02.10"]
[SourceVersion "1"]
[SourceVersionDate "2018.02.10"]
[SourceQuality "1"]

1. e4 e5 2. Nf3 d6 3. d4 exd4 4. Nxd4 Nf6 5. Nc3 Be7 6. Bd3 O-O 7. O-O Re8 8.
f4 Bf8 9. Nf3 Nbd7 10. Re1 Nc5 11. e5 Nxd3 12. cxd3 dxe5 13. fxe5 Nh5 14. d4 g6
15. Be3 c6 16. Qd2 a5 17. Rad1 b5 18. Bg5 Qc7 19. Kh1 b4 20. Ne4 b3 21. a3 Bg4
22. Qe3 a4 23. Rc1 Qb6 24. Nfd2 Be6 25. Nc5 Bd5 26. Nde4 Ra7 27. Kg1 Be7 28.
Bxe7 Raxe7 29. g4 Bxe4 30. Nxe4 f5 31. Nd6 Rd8 32. Nc4 Qa7 33. gxh5 Rxd4 34. h6
f4 35. Qf2 f3 36. h3 g5 37. Nd6 Rd2 38. Qxa7 Rxa7 39. Rf1 Rxb2 40. Rxc6 f2+ 41.
Rxf2 Rb1+ 42. Kg2 Ra8 43. Rc8+ Rxc8 44. Nxc8 Rb2 45. Rxb2 Kf7 46. Nb6 Ke6 47.
Nxa4 Kxe5 48. Rxb3 Kf6 49. Nc3 Kf5 50. a4 g4 51. hxg4+ Kxg4 52. a5 Kh5 53. a6
Kxh6 54. a7 Kg5 55. a8=Q 1-0